HTTP essentials: (Record no. 16290)
[ view plain ]
| 000 -LEADER | |
|---|---|
| fixed length control field | 00500nam a22001577a 4500 |
| 008 - FIXED-LENGTH DATA ELEMENTS--GENERAL INFORMATION | |
| fixed length control field | 230329b |||||||| |||| 00| 0 eng d |
| 040 ## - CATALOGING SOURCE | |
| Original cataloging agency | National Science Library |
| Transcribing agency | National Science Library |
| 080 ## - UNIVERSAL DECIMAL CLASSIFICATION NUMBER | |
| Universal Decimal Classification number | D 681.324 |
| Item number | P1 |
| 100 ## - MAIN ENTRY--PERSONAL NAME | |
| Personal name | Thomas, Stephen A |
| 245 ## - TITLE STATEMENT | |
| Title | HTTP essentials: |
| Remainder of title | Protocols for secure, scaleable web sites |
| 260 ## - PUBLICATION, DISTRIBUTION, ETC. | |
| Place of publication, distribution, etc. | New York: |
| Name of publisher, distributor, etc. | Wiley Computer Publishing, |
| Linkage | 2001 |
| 300 ## - PHYSICAL DESCRIPTION | |
| Extent | xii321p. |
| 650 ## - SUBJECT ADDED ENTRY--TOPICAL TERM | |
| Topical term or geographic name entry element | Computer science |
| 653 ## - INDEX TERM--UNCONTROLLED | |
| Uncontrolled term | Information technology |
| 942 ## - ADDED ENTRY ELEMENTS (KOHA) | |
| Source of classification or shelving scheme | Universal Decimal Classification |
| Koha item type | Books |
| Withdrawn status | Lost status | Source of classification or shelving scheme | Damaged status | Not for loan | Home library | Current library | Shelving location | Date acquired | Total Checkouts | Full call number | Barcode | Date last seen | Price effective from | Koha item type |
|---|---|---|---|---|---|---|---|---|---|---|---|---|---|---|
| Universal Decimal Classification | National Science Library | National Science Library | GF/Rk-4/C-13/R-6 | 12/09/2001 | D 681.324 P1 | 179769 | 29/03/2023 | 29/03/2023 | Books |